01231nam a2200265Ia 4500001000600000003000900006008004100015040001300056040001300069041001300082100001800095100002900113240003500142240003500177245007200212245007200284250001100356260001100367260001400378260004900392300005700441500041300498650002300911650003100934B6766IT-RoPAU130308s9999 xx 000 0 und d aIT-RoPAU cIT-RoPAU aITALIANO aJaubert Alain gCodice Aut. SPICS: 39578 aCOMMISSARIAT AUX ARCHIVES (LE) gCodice Tit. Orig. Spics: T2687 aCommissariato degli archivi-Le fotografie che falsificano la storia bCommissariato degli Archivi-Le fotografie che falsificano la Storia a1a ed. aMILANO bCorbaccio c1993 [1° Ed.:1993 - Ed.Ling.Originale:1984] a"208 p. (prefazione: no ; testo: 208 [pagine: 0-0])" aIntroduzione di Sergio Romano. Vita Leggendaria di Lenin. Scene della Rivoluzione. Mussolini signore delle Immagini. Messe in scena del terzo Reich. icone del culto Staliniano. saga Maoista. Dal Colpo Alla Primavera di Praga. Vite e battaglie dell'Asia. rivoluzioni Balcaniche. False Apparenze Dellastoria Cubana. Tradizione Sovietica. Note Storiche e fotografie del Tempo.Fonti Iconografiche e Bibliografie. aGENERI FOTOGRAFICI eCodice materia Spics: 6760